MDQL
is popping MORE tags! Check the
thread
!
Quizzes
Events
Quiz Creation
Community
Videos
Private Events
Remove Ads
Sign In
Join for FREE
Feedback
Dark Mode
Quiz Categories
Sports
Geography
Music
Movies
Television
Just For Fun
Miscellaneous
History
Literature
Language
Science
Gaming
Entertainment
Religion
Holiday
For Kids
Quiz Lab
Recent
Popular Today
Quiz Kudos Today
Editor Picks
Curator Picks
Quizzes by...
Day
Popularity
Type
Ratings
Length
Year
Community
Subscriptions
Recent Discussions
Orange Saloon
Badges
Playlists
Quests
Create
Leaderboards
Showdown
Live 5
Trivia Bingo
Activity
Puzzle Library
Sporcle Events
Private Events
Virtual Trivia
Globe League
Become a Host
Pub Owners
SporcleCon
Opinionation
Our Games
Videos
Blog
Mobile Apps
Partnerships
Remove Ads and Go Orange
Feedback
Literature
Harry Potter
A Song of Ice and Fire
The Hunger Games
Literary Character
Shakespeare
Book
Author
Novel
Poem
Young Adult
Children's Books
Play
Lord of the Rings
Literature
Harry Potter
A Song of Ice and Fire
The Hunger Games
Literary Character
Shakespeare
Book
Author
Novel
Poem
Young Adult
Children's Books
Play
Lord of the Rings
Random Quiz
Search Sporcle
×
Quiz Lab
Quiz Lab
Literature
Harry Potter
Type in answers that appear in a list
Type in answers that appear in a list
Classic
Best Score? Go Orange.
Sporcle at Hogwarts Stats
Can you name the answers to Harry Potter trivia in this game?
By
AnnieCresta4
3m
16 Questions
547 Plays
547 Plays
547 Plays
Comments
Comments
Give Quiz Kudos
Give Quiz Kudos
-
- Ratings
hide this ad
Forced Order
Answers have to be entered in order
Answers have to be entered in order
Minefield
Wrong answers will end the quiz
Wrong answers will end the quiz
Wrong Answers
Some wrong answers will appear in red
Some wrong answers will appear in red
Random Order
Randomize order of answers
Randomize order of answers
Replay
Link that replays current quiz
Next Quiz
Link to next quiz in quiz playlist
You Got
0%
They Got
Avg Score
61%
Avg Friend Score
Upgrade to see
Score Distribution
Jump to the score distribution portion of the page
Score
0/16
Timer
03:00
0
Plays Today
Question
Answer
% Correct
What is Scabber's true identity?
???
98%
What is Rita Skeeter's Animagus animal?
???
83.5%
What was Gryffindor's first name?
???
81.4%
What was a wizard born to a muggle family called?
???
75.9%
What is the only book Voldemort does not see Harry in?
???
72.8%
Over the shootings of the Harry Potter movies, how many actors have played Voldemort?
???
71.7%
Who does Harry marry in the Deathly Hallows epilogue?
???
69.3%
What house-
elf is friends with Harry Potter since the second book?
???
66.2%
Question
Answer
% Correct
In Harry Potter and the Order of the Phoenix, was did D.A. stand for?
???
64.2%
What was the least successful Harry Potter movie?
???
58.5%
In the last battle between Voldemort and Harry Potter, who wins?
???
57.8%
What was the full name of Ron's owl (the one Sirius gave him)
???
52.7%
What is the name of the bird that gave it's feather to make Harry's wand?
???
50.5%
How old was the actress who played Moaning Myrtle when the Chamber of Secrets was shot?
???
39.5%
What does Peeves call Harry?
???
31.4%
What does Aunt Petunia call Dudley?
???
5.1%
Quiz Playlist
Details
Report
Send in Message
Add To Playlist
Classic:
Type in answers that appear in a list
Forced Order:
Answers have to be entered in order
Minefield:
Wrong answers will end the quiz
Wrong Answers:
Some wrong answers will appear in red
Random Order:
Randomize order of answers
Last Updated: Feb 16, 2017
Quiz Scoreboard
CHALLENGE
Sign Up to Join the Scoreboard
Show All
Scores
Hide
Comments
May contain spoilers
Recently Published
Two Season TV Shows II
by 123Four
Television
10m
Image Sorting: Flags VI
by Barbecue
Geography
2m
Find the 'City' Movie
by crazypaving
Movies
60s
More to Explore
Quiz From the Vault
Featured Blog Post
14 Easter Pick-up Lines to Find Eggs With
hide this ad
You Might Also Like...
Tags
Harry Potter Quiz
Harry Potter Spells
Today's Top Quizzes in Literature
Browse Literature
hide this ad
Today's Top Quizzes in Harry Potter
Browse Harry Potter
Top Contributed Quizzes in Literature
1
Sneaky Slytherin Logic Puzzle
2
Harry Potter logic puzzle: The Hogwarts Soap Opera
3
Get The Picture: Black or White Literature
4
'Middle' Earth
5
Harry Potter Slytherin Logic Puzzle
6
ASOIAF Siblings Logic Puzzle
7
Logic Puzzle: Avoid Dumbledore's Army
8
The Men of ASOIAF - Logic Puzzle (Hard)
9
A Song of Ice and Fire Logic Puzzle
10
Quick Pick: Easter in Book Titles
Explore More
Trending Topics
NBA
Marvel
Anime
Crossword
Disney
Kpop
Harry Potter
Pokémon
The Office
NFL
Soccer
Country
Song
Puzzle
WWE
hide this ad
More By:
AnnieCresta4
Quiz
Plays
Rating
Category
Featured
Created
Sporcle at Diagon Alley
704
2.33
Literature
Nov 13, 2012
Hunger Games: Out smart the arena!
620
2.50
Just For Fun
Jul 23, 2012
Hunger Games: All About Finnick
570
5.00
Literature
Jul 27, 2012
Sporcle at Hogwarts
547
2.67
Literature
Nov 6, 2012
Hunger Games Characters by Weapons
396
5.00
Literature
Jul 25, 2012
Go to Creator's Profile
Score Distribution
Quiz Creator Spotlight
AnnieCresta4
Follow
Send a Message
Quizzes Created
-
Created Quiz Play Count
-
More By This Creator
Popular Quizzes Today
1
Find the US States - No Outlines Minefield
2
Colored Red Africa Blitz
3
Find the 'City' Movie
4
5x2 Blitz: Bands
5
The Countries of the World
6
Find the Countries of Europe - No Outlines Minefield
7
Find the US States
8
US States
More Literature Quizzes
Harry Potter Mystery Passage 41
Quiz Lab
Trending Quizzes
Colored Red Europe Blitz I
Colored Red Africa Blitz II
Colored Red Europe Blitz II
Colored Red Africa Blitz III
Colored Red Europe Blitz III
Recently Updated
How Do You Spell That?
pecheneg
Godzilla Movies
pecheneg
Grab Bag: 4-10 Letters
pecheneg
2024 March Madness Bracket
pecheneg
Famous TV Couples
Peacemaker
Champions League XIs: Real Madrid
pecheneg
Largest US Cities 1790-2010
pecheneg
Rides in Walt Disney World
pecheneg
Most Oscar Losses (Acting)
pecheneg
Beyoncé Albums
pecheneg
Trending Topics
Harry Potter
Kpop
Crossword
Disney
Anime
Marvel
NBA
Country
Soccer
Puzzle
The Office
Song
WWE
Pokémon
NFL
Your Account Isn't Verified!
In order to create a playlist on Sporcle, you need to verify the email address you used during registration. Go to your
Sporcle Settings
to finish the process.
Report this User
Report this user for behavior that violates our
Community Guidelines
.
Details:
Send Report
Go to the Sporcle.com Mobile Site →
Comments